000 00482nam a2200181Ia 4500
005 20250508162607.0
008 008 250505s9999 xx 000 0 eng d
037 _aReference
040 _aFEDL
_beng
_cFEDL
041 _aeng
_2eng
084 _a157.903, HAR
_qFEDL
100 _aHarre Rom Ed.
245 0 _aDictionary of physiological and clinical psychology
260 _c1986
300 _a314p.
942 _cREF
_h157.903, HAR
999 _c1377529
_d1377529